000 00380nam a2200133Ia 4500
008 220217s9999||||xx |||||||||||||| ||und||
020 _a0-387-95012-5
082 _a515.43 CAR
100 _aCarter, M Brunt, Van, B
_93449
245 0 _aLebesgue stieltjes integral: a practical introduction
260 _aSpringer
_bNew York
_c2002
300 _b2400
650 _aMATHEMATICS
999 _c171939
_d171939